[Event "I Open Ciutat de Sueca 2015"]
[Site "Sueca ESP"]
[Date "2015.07.31"]
[Round "5.31"]
[White "Iborra Fabra, Ramon"]
[Black "Carmona Huertas, Juan Antonio"]
[Result "0-1"]
[WhiteElo "1339"]
[BlackElo "1801"]
[PlyCount "132"]
[EventDate "2015.07.27"]
[EventType "swiss"]
[EventRounds "8"]
[EventCountry "ESP"]
[SourceTitle "Ajedrez en Madrid"]
[Source "lmi"]
[SourceDate "2015.05.27"]

1. e4 c5 2. Nc3 e6 3. g3 Nc6 4. Bg2 Nf6 5. d3 Be7 6. Nf3 d6 7. O-O O-O 8. Bg5
h6 9. Bd2 a6 10. a4 Bd7 11. Ne2 c4 12. Nc3 cxd3 13. cxd3 e5 14. b3 Rc8 15. Nh4
Nb4 16. Qb1 Nh7 17. Nf5 Bxf5 18. exf5 Qd7 19. Nd5 Nxd5 20. Bxd5 Rc5 21. Bg2
Rfc8 22. Rc1 Bg5 23. Rxc5 Rxc5 24. Be3 Bxe3 25. fxe3 Nf6 26. Qd1 Qc8 27. d4 Rc3
28. dxe5 dxe5 29. e4 Qc5+ 30. Kh1 Qe3 31. Qe1 Qxe1+ 32. Rxe1 Rxb3 33. Ra1 Rb4
34. h3 Nxe4 35. g4 Nc5 36. a5 Rc4 37. Rb1 Kf8 38. Bxb7 Nxb7 39. Rxb7 Ra4 40.
Rb8+ Ke7 41. Rb7+ Kf6 42. Rb6+ Kg5 43. Rxa6 g6 44. fxg6 fxg6 45. Kg2 Ra3 46.
Ra8 Kf4 47. Rh8 Ra2+ 48. Kf1 Kg5 49. h4+ Kxh4 50. Rxh6+ Kg5 51. Rh8 Rxa5 52.
Rg8 Ra4 53. Re8 Re4 54. Kf2 Kxg4 55. Rg8 Kg5 56. Kf3 Ra4 57. Re8 e4+ 58. Ke3
Kg4 59. Rg8 g5 60. Rg7 Kf5 61. Re7 Kg4 62. Rg7 Kh4 63. Rh7+ Kg3 64. Rh1 g4 65.
Rg1+ Kh3 66. Rd1 g3 0-1

[Event "I Open Ciutat de Sueca 2015"]
[Site "Sueca ESP"]
[Date "2015.07.31"]
[Round "5.32"]
[White "Sancho Pascual, Emilio"]
[Black "Calabuig Ferrer, Jose"]
[Result "0-1"]
[WhiteElo "1550"]
[BlackElo "1420"]
[PlyCount "86"]
[EventDate "2015.07.27"]
[EventType "swiss"]
[EventRounds "8"]
[EventCountry "ESP"]
[SourceTitle "Ajedrez en Madrid"]
[Source "lmi"]
[SourceDate "2015.05.27"]

1. c4 e5 2. Nc3 Nc6 3. g3 Nf6 4. Bg2 Bc5 5. e3 d6 6. Nge2 Be6 7. d3 Rb8 8. Nd5
Bxd5 9. cxd5 Ne7 10. e4 h6 11. O-O O-O 12. a3 Ng6 13. d4 Bb6 14. b4 Re8 15. Re1
Qd7 16. Bb2 Qb5 17. Rc1 Qd7 18. Kh1 Rbc8 19. f3 c6 20. dxe5 Nxe5 21. Nf4 Qe7
22. a4 a5 23. b5 cxb5 24. axb5 Nc4 25. Qb3 Nxb2 26. Qxb2 Rc7 27. Bh3 g5 28.
Rxc7 Bxc7 29. Nd3 Bb6 30. Rc1 Nxe4 31. Rc8 Rxc8 32. Bxc8 Nc5 33. Nxc5 Bxc5 34.
Bf5 b6 35. Qc2 f6 36. Be4 Kg7 37. g4 Qf7 38. Qg2 a4 39. h4 a3 40. hxg5 fxg5 41.
Qa2 Qf4 42. Qa1+ Qe5 43. Qf1 a2 0-1

[Event "I Open Ciutat de Sueca 2015"]
[Site "Sueca ESP"]
[Date "2015.07.31"]
[Round "5.36"]
[White "Puig Perez, Jordi"]
[Black "Jimenez Hernandez, Jose"]
[Result "1-0"]
[WhiteElo "1360"]
[BlackElo "1335"]
[PlyCount "62"]
[EventDate "2015.07.27"]
[EventType "swiss"]
[EventRounds "8"]
[EventCountry "ESP"]
[SourceTitle "Ajedrez en Madrid"]
[Source "lmi"]
[SourceDate "2015.05.27"]

1. e4 e5 2. Nf3 Nc6 3. Bc4 Nf6 4. Ng5 d5 5. exd5 Na5 6. Bb5+ c6 7. dxc6 bxc6 8.
Ba4 Qd4 9. Bb3 Nxb3 10. axb3 Bc5 11. O-O h5 12. Nf3 Qd5 13. h3 e4 14. Re1 O-O
15. Nh2 Bd6 16. Nc3 Qe5 17. Nf1 g5 18. d4 Qe6 19. Ne3 Kh8 20. Nc4 Bc7 21. f3
Bg3 22. Re3 Qf5 23. Nxe4 Nxe4 24. Rxe4 Bb7 25. Re2 c5 26. Be3 Rad8 27. Rd2 h4
28. dxc5 Rxd2 29. Qxd2 g4 30. Qd4+ Kg8 31. hxg4 Qxc2 1-0

[Event "I Open Ciutat de Sueca 2015"]
[Site "Sueca ESP"]
[Date "2015.08.01"]
[Round "6.1"]
[White "Diaz Velandia, Jose Manuel"]
[Black "Garcia, Jhoel"]
[Result "1/2-1/2"]
[WhiteElo "2315"]
[BlackElo "2336"]
[PlyCount "83"]
[EventDate "2015.07.27"]
[EventType "swiss"]
[EventRounds "8"]
[EventCountry "ESP"]
[SourceTitle "Ajedrez en Madrid"]
[Source "lmi"]
[SourceDate "2015.05.27"]

1. d4 d5 2. Nf3 Nf6 3. e3 e6 4. Bd3 b6 5. c3 Bb7 6. O-O Be7 7. Nbd2 Ne4 8. Ne5
O-O 9. Qc2 f5 10. f3 Nxd2 11. Bxd2 Nd7 12. Nxd7 Qxd7 13. e4 c5 14. exf5 exf5
15. Rae1 cxd4 16. cxd4 Bf6 17. Bc3 g6 18. Qb3 Bc6 19. Re2 Rfe8 20. Rfe1 Rxe2
21. Rxe2 Re8 22. Qd1 Qg7 23. Rxe8+ Bxe8 24. Bc2 Qh6 25. Qe1 Bf7 26. g3 Qf8 27.
f4 Qd8 28. Qe3 Qe7 29. Kf2 h5 30. h4 Be8 31. a3 Qxe3+ 32. Kxe3 Kf7 33. a4 Ke6
34. a5 Bd8 35. axb6 Bxb6 36. Bb4 a6 37. Kd3 Bb5+ 38. Kc3 Kd7 39. Bc5 Ba5+ 40.
Bb4 Bb6 41. Bc5 Ba5+ 42. Bb4 1/2-1/2

[Event "I Open Ciutat de Sueca 2015"]
[Site "Sueca ESP"]
[Date "2015.08.01"]
[Round "6.2"]
[White "Cruz Lledo, Pablo"]
[Black "Montalban Galvez, Antoni"]
[Result "1-0"]
[WhiteElo "2299"]
[BlackElo "2186"]
[PlyCount "99"]
[EventDate "2015.07.27"]
[EventType "swiss"]
[EventRounds "8"]
[EventCountry "ESP"]
[SourceTitle "Ajedrez en Madrid"]
[Source "lmi"]
[SourceDate "2015.05.27"]

1. d4 Nf6 2. Nf3 g6 3. Bf4 Bg7 4. e3 d6 5. h3 Nbd7 6. Be2 O-O 7. O-O c5 8. c4
cxd4 9. exd4 b6 10. Nc3 Bb7 11. b4 Ne4 12. Rc1 Nxc3 13. Rxc3 Nf6 14. Rc1 Ne4
15. Qb3 e5 16. dxe5 dxe5 17. Rfd1 Qe7 18. Be3 h6 19. Nd2 Rfc8 20. Nxe4 Bxe4 21.
c5 Qb7 22. f3 Bf5 23. Bc4 bxc5 24. Bd5 Qxb4 25. Bxa8 Rxa8 26. Bxc5 Qh4 27. Bf2
Qe7 28. Qd5 Re8 29. Qd6 Qg5 30. h4 Qf4 31. Rc7 g5 32. Qd2 Qxd2 33. Rxd2 a6 34.
hxg5 hxg5 35. Ra7 g4 36. fxg4 Bxg4 37. Rxa6 Be6 38. Be3 Rb8 39. a4 Rb1+ 40. Kf2
Ra1 41. a5 Kh7 42. Ra8 Bc4 43. Rd6 Rf1+ 44. Kg3 f5 45. Bg5 Be2 46. Ra7 f4+ 47.
Kh2 f3 48. gxf3 Rxf3 49. Bh6 Rf2+ 50. Kg1 1-0

[Event "I Open Ciutat de Sueca 2015"]
[Site "Sueca ESP"]
[Date "2015.08.01"]
[Round "6.3"]
[White "Montoliu Cervero, Francisco"]
[Black "Suba, Mihai"]
[Result "1-0"]
[WhiteElo "2335"]
[BlackElo "2322"]
[PlyCount "63"]
[EventDate "2015.07.27"]
[EventType "swiss"]
[EventRounds "8"]
[EventCountry "ESP"]
[SourceTitle "Ajedrez en Madrid"]
[Source "lmi"]
[SourceDate "2015.05.27"]

1. e4 c5 2. Nf3 d6 3. d4 Nf6 4. Nc3 cxd4 5. Nxd4 e6 6. Be3 a6 7. f3 b5 8. Qd2
Nbd7 9. O-O-O b4 10. Nce2 Qc7 11. g4 h6 12. h4 Ne5 13. Ng3 d5 14. g5 hxg5 15.
hxg5 Rxh1 16. Nxh1 Nxf3 17. Nxf3 Nxe4 18. Qe1 Bb7 19. Nf2 Rc8 20. Bd3 e5 21.
Kb1 Bd6 22. Nd2 Nc5 23. Bf5 Ne6 24. g6 e4 25. gxf7+ Kxf7 26. Rc1 Rd8 27. Qg1
Nf4 28. Nh3 Nxh3 29. Qg6+ Kf8 30. Bxh3 Bc8 31. Rf1+ Kg8 32. Be6+ 1-0

[Event "I Open Ciutat de Sueca 2015"]
[Site "Sueca ESP"]
[Date "2015.08.01"]
[Round "6.4"]
[White "Galvan, Jesus"]
[Black "Uran Bermudez, Oliver Kevin"]
[Result "1-0"]
[WhiteElo "2216"]
[BlackElo "2216"]
[PlyCount "99"]
[EventDate "2015.07.27"]
[EventType "swiss"]
[EventRounds "8"]
[EventCountry "ESP"]
[SourceTitle "Ajedrez en Madrid"]
[Source "lmi"]
[SourceDate "2015.05.27"]

1. Nf3 Nf6 2. g3 g6 3. Bg2 Bg7 4. O-O O-O 5. d4 d5 6. c4 c6 7. cxd5 cxd5 8. Nc3
Nc6 9. Ne5 Be6 10. f4 Nxe5 11. fxe5 Ng4 12. Qb3 Qd7 13. Bxd5 Bxd5 14. Qxd5 Qxd5
15. Nxd5 Rfd8 16. e4 Rd7 17. h3 e6 18. Nf6+ Nxf6 19. exf6 Bf8 20. Be3 Rc8 21.
Rac1 Rdc7 22. Rxc7 Rxc7 23. Rc1 Bd6 24. Kf2 h5 25. e5 Rxc1 26. Bxc1 Bc7 27. Ke3
Kf8 28. Ke4 Ke8 29. d5 Kd7 30. Be3 a6 31. b4 exd5+ 32. Kxd5 Bd8 33. a4 b6 34.
b5 axb5 35. axb5 Bc7 36. Bd2 Bd8 37. Bb4 Bc7 38. g4 hxg4 39. hxg4 Bd8 40. Bd6
g5 41. Bb4 Bc7 42. Bd2 Ke8 43. Bxg5 Kd7 44. Bd2 Bd8 45. Bb4 Bc7 46. Bd6 Bd8 47.
g5 Ke8 48. e6 fxe6+ 49. Kxe6 Be7 50. f7+ 1-0

[Event "I Open Ciutat de Sueca 2015"]
[Site "Sueca ESP"]
[Date "2015.08.01"]
[Round "6.5"]
[White "Valmana Canto, Jaime"]
[Black "Alberola Mulet, Jairo"]
[Result "1-0"]
[WhiteElo "2416"]
[BlackElo "2185"]
[PlyCount "45"]
[EventDate "2015.07.27"]
[EventType "swiss"]
[EventRounds "8"]
[EventCountry "ESP"]
[SourceTitle "Ajedrez en Madrid"]
[Source "lmi"]
[SourceDate "2015.05.27"]

1. b3 b6 2. Bb2 Bb7 3. e3 e6 4. Nf3 Nf6 5. Be2 Be7 6. g4 Nxg4 7. Rg1 Bf6 8. d4
Nh6 9. c4 c5 10. Nc3 d6 11. Qc2 Qe7 12. Ne4 Nc6 13. dxc5 bxc5 14. Rxg7 Nd4 15.
Nxf6+ Qxf6 16. exd4 Qxg7 17. dxc5 f6 18. cxd6 Nf5 19. O-O-O Qg2 20. Bxf6 Rf8
21. d7+ Kf7 22. Rg1 Qxf2 23. Ne5+ 1-0

[Event "I Open Ciutat de Sueca 2015"]
[Site "Sueca ESP"]
[Date "2015.08.01"]
[Round "6.6"]
[White "Cortes Marti, Javier"]
[Black "Crecente Penalba, Jose Manuel"]
[Result "0-1"]
[WhiteElo "2081"]
[BlackElo "2153"]
[PlyCount "68"]
[EventDate "2015.07.27"]
[EventType "swiss"]
[EventRounds "8"]
[EventCountry "ESP"]
[SourceTitle "Ajedrez en Madrid"]
[Source "lmi"]
[SourceDate "2015.05.27"]

1. d4 Nf6 2. c4 e6 3. Nf3 d5 4. Nc3 Bb4 5. e3 O-O 6. Bd3 c5 7. O-O dxc4 8. Bxc4
Nc6 9. a3 Bxc3 10. bxc3 Qc7 11. Qe2 e5 12. h3 e4 13. Nd2 Re8 14. Ba2 Bf5 15.
Bb2 Rad8 16. Rac1 b6 17. f4 exf3 18. Qxf3 Bg6 19. Bc4 Ne5 20. Qe2 Nxc4 21. Nxc4
Ne4 22. Rf3 Bh5 23. g4 Bg6 24. Qh2 Qc6 25. Rcf1 Ng5 26. Rg3 Bd3 27. Nd2 Bxf1
28. Nxf1 Nf3+ 29. Rxf3 Qxf3 30. Bc1 cxd4 31. cxd4 Rc8 32. Bd2 Rc2 33. g5 h6 34.
h4 Re4 0-1

[Event "I Open Ciutat de Sueca 2015"]
[Site "Sueca ESP"]
[Date "2015.08.01"]
[Round "6.7"]
[White "Torres Sanchez, Jose"]
[Black "Carbonell Sancho, Marc"]
[Result "1-0"]
[WhiteElo "2286"]
[BlackElo "1656"]
[PlyCount "77"]
[EventDate "2015.07.27"]
[EventType "swiss"]
[EventRounds "8"]
[EventCountry "ESP"]
[SourceTitle "Ajedrez en Madrid"]
[Source "lmi"]
[SourceDate "2015.05.27"]

1. Nc3 g6 2. d4 Bg7 3. e4 d6 4. f4 Nd7 5. Nf3 e6 6. Bd3 Ne7 7. O-O O-O 8. Qe1
c5 9. Nb5 Nb6 10. c3 a6 11. Na3 Qc7 12. Qh4 f5 13. Qf2 fxe4 14. Bxe4 Ned5 15.
dxc5 dxc5 16. g3 e5 17. fxe5 Bxe5 18. Bh6 Bg7 19. Qd2 Nf6 20. Bd3 Bg4 21. Bf4
Qc8 22. Nc4 Nxc4 23. Bxc4+ Be6 24. Qe2 Re8 25. Ng5 Bd5 26. Bxd5+ Nxd5 27. Qc4
Qc6 28. Rad1 Rad8 29. Ne4 b6 30. Nd6 Rxd6 31. Bxd6 Qxd6 32. Qxd5+ Qxd5 33. Rxd5
h6 34. Rd6 Rb8 35. Rxg6 Kh7 36. Rc6 Rb7 37. Rf5 a5 38. a4 Kg8 39. Kf1 1-0

[Event "I Open Ciutat de Sueca 2015"]
[Site "Sueca ESP"]
[Date "2015.08.01"]
[Round "6.8"]
[White "Martin Ayala, David"]
[Black "Fos Santacreu, Juan Andres"]
[Result "1-0"]
[WhiteElo "1956"]
[BlackElo "2286"]
[PlyCount "99"]
[EventDate "2015.07.27"]
[EventType "swiss"]
[EventRounds "8"]
[EventCountry "ESP"]
[SourceTitle "Ajedrez en Madrid"]
[Source "lmi"]
[SourceDate "2015.05.27"]

1. d4 Nf6 2. Nf3 e6 3. Bg5 h6 4. Bxf6 Qxf6 5. Nbd2 c5 6. e3 d5 7. c3 Nc6 8. Bd3
Bd6 9. O-O g5 10. dxc5 Bxc5 11. Nb3 Bb6 12. e4 dxe4 13. Bxe4 Bd7 14. a4 a6 15.
Nfd2 Bc7 16. g3 Rd8 17. Qe2 h5 18. Nc4 h4 19. Nc5 Bc8 20. Nxa6 bxa6 21. Bxc6+
Kf8 22. Rad1 Rxd1 23. Rxd1 Qe7 24. b4 Kg7 25. Ne3 Qf6 26. Qf3 Qe7 27. Qe4 Qf6
28. Qf3 Qe7 29. Re1 Qd8 30. Rd1 Qe7 31. Re1 Qd8 32. Rd1 Qe7 33. Re1 Kf8 34. Nd5
Qd8 35. Nxc7 Qxc7 36. Qf6 Qxc6 37. Qxh8+ Ke7 38. Rd1 Qc7 39. Qg7 h3 40. Qxg5+
Ke8 41. Qh4 e5 42. g4 Bb7 43. Qxh3 Ke7 44. Qh4+ Ke6 45. Qh6+ Ke7 46. Qg5+ Ke6
47. Qf5+ Ke7 48. g5 Ke8 49. Qf6 Be4 50. Qd6 1-0

[Event "I Open Ciutat de Sueca 2015"]
[Site "Sueca ESP"]
[Date "2015.08.01"]
[Round "6.9"]
[White "Rasskin Friederichs, Ivan"]
[Black "Sampedro Barrios, Pablo"]
[Result "1-0"]
[WhiteElo "2036"]
[BlackElo "1936"]
[PlyCount "65"]
[EventDate "2015.07.27"]
[EventType "swiss"]
[EventRounds "8"]
[EventCountry "ESP"]
[SourceTitle "Ajedrez en Madrid"]
[Source "lmi"]
[SourceDate "2015.05.27"]

1. e4 b6 2. d4 Bb7 3. Bd3 Nf6 4. Qe2 e6 5. Bg5 Be7 6. f4 c5 7. Nf3 cxd4 8. Nxd4
h6 9. Bh4 Nc6 10. c3 Qc7 11. O-O Bc5 12. Bf2 a6 13. Nd2 g5 14. Nxc6 Qxc6 15.
Bd4 gxf4 16. Kh1 Bxd4 17. cxd4 Qa4 18. Nc4 Qc6 19. Rxf4 Nh7 20. Ne5 Qd6 21.
Rxf7 Qxd4 22. Rxd7 Qxe5 23. Rxb7 b5 24. Qg4 O-O-O 25. Re7 Rxd3 26. Rxe6 Nf6 27.
Re8+ Kc7 28. Qc8+ Kb6 29. Rxh8 Qxb2 30. Rf1 Ka5 31. Qc7+ Ka4 32. Rxh6 a5 33.
Rhxf6 1-0

[Event "I Open Ciutat de Sueca 2015"]
[Site "Sueca ESP"]
[Date "2015.08.01"]
[Round "6.10"]
[White "Gomez Sanjuan, Hector Fernando"]
[Black "Gerona Maura, Jesus"]
[Result "1/2-1/2"]
[WhiteElo "2032"]
[BlackElo "1931"]
[PlyCount "62"]
[EventDate "2015.07.27"]
[EventType "swiss"]
[EventRounds "8"]
[EventCountry "ESP"]
[SourceTitle "Ajedrez en Madrid"]
[Source "lmi"]
[SourceDate "2015.05.27"]

1. d4 Nf6 2. Nf3 e6 3. c4 b6 4. a3 Bb7 5. Nc3 d5 6. cxd5 Nxd5 7. Qc2 Nxc3 8.
bxc3 c5 9. e4 cxd4 10. cxd4 Nd7 11. Bd3 Be7 12. O-O O-O 13. e5 h6 14. Be4 Rc8
15. Qd3 Bxe4 16. Qxe4 Qc7 17. Be3 Qc2 18. Qg4 Qf5 19. Qxf5 exf5 20. Rac1 Bxa3
21. Ra1 Rc3 22. Nh4 f4 23. Bxf4 g5 24. Bd2 Rd3 25. Nf3 g4 26. Ne1 Rxd2 27. Rxa3
Rxd4 28. Nc2 Rd2 29. Rxa7 Nxe5 30. Ne3 Re8 31. Rb7 Re6 1/2-1/2

[Event "I Open Ciutat de Sueca 2015"]
[Site "Sueca ESP"]
[Date "2015.08.01"]
[Round "6.11"]
[White "Castillo Pla, Emilio"]
[Black "Cebrian Flores, Juan Antonio"]
[Result "0-1"]
[WhiteElo "1934"]
[BlackElo "1991"]
[PlyCount "86"]
[EventDate "2015.07.27"]
[EventType "swiss"]
[EventRounds "8"]
[EventCountry "ESP"]
[SourceTitle "Ajedrez en Madrid"]
[Source "lmi"]
[SourceDate "2015.05.27"]

1. e4 g6 2. d4 Bg7 3. Nf3 d6 4. Nc3 Nf6 5. h3 O-O 6. Bg5 b6 7. Bd3 Bb7 8. Qd2
c5 9. d5 Re8 10. O-O Nbd7 11. Rfe1 Rc8 12. Bc4 Qc7 13. Rad1 Rcd8 14. a4 a6 15.
Re2 Nh5 16. g4 Nhf6 17. Qc1 h5 18. Qf4 hxg4 19. hxg4 Bc8 20. Qg3 Nxg4 21. Qxg4
Ne5 22. Nxe5 Bxg4 23. Nxg4 Qd7 24. f3 Bxc3 25. bxc3 b5 26. Ba2 bxa4 27. Kf2 f6
28. Bxf6 Rf8 29. e5 exf6 30. exf6 Rfe8 31. Re6 c4 32. Rde1 Qb5 33. Rh1 Qxd5 34.
Re7 Qd2+ 35. Kg3 Rxe7 36. Bxc4+ d5 37. fxe7 dxc4 38. exd8=Q+ Qxd8 39. Kf4 Qd2+
40. Ke4 Qe2+ 41. Kf4 Kg7 42. Rb1 Qd2+ 43. Ke4 Qxc2+ 0-1

[Event "I Open Ciutat de Sueca 2015"]
[Site "Sueca ESP"]
[Date "2015.08.01"]
[Round "6.12"]
[White "Ramon Gualberto, Arturo"]
[Black "Gordillo Garcia, Ignacio"]
[Result "1/2-1/2"]
[WhiteElo "1968"]
[BlackElo "1613"]
[PlyCount "40"]
[EventDate "2015.07.27"]
[EventType "swiss"]
[EventRounds "8"]
[EventCountry "ESP"]
[SourceTitle "Ajedrez en Madrid"]
[Source "lmi"]
[SourceDate "2015.05.27"]

1. e4 c5 2. Nc3 e6 3. g3 Nc6 4. Bg2 Nf6 5. d3 d5 6. Bg5 Be7 7. Nge2 d4 8. Nb1
Qb6 9. b3 h6 10. Bd2 O-O 11. a4 Bd7 12. Na3 a6 13. Nc4 Qc7 14. a5 Be8 15. O-O
Nd7 16. h3 f6 17. Nf4 Bf7 18. Bf3 Nce5 19. Nxe5 Nxe5 20. Bh5 Bd6 1/2-1/2

[Event "I Open Ciutat de Sueca 2015"]
[Site "Sueca ESP"]
[Date "2015.08.01"]
[Round "6.13"]
[White "Garcia Sancho, Josep"]
[Black "La Orden Gil, Javier"]
[Result "1/2-1/2"]
[WhiteElo "1855"]
[BlackElo "1967"]
[PlyCount "125"]
[EventDate "2015.07.27"]
[EventType "swiss"]
[EventRounds "8"]
[EventCountry "ESP"]
[SourceTitle "Ajedrez en Madrid"]
[Source "lmi"]
[SourceDate "2015.05.27"]

1. c4 e5 2. Nc3 Nf6 3. g3 d5 4. cxd5 Nxd5 5. Bg2 Nb6 6. Nf3 Nc6 7. O-O Be7 8.
a3 O-O 9. b4 a6 10. Bb2 Nc4 11. Bc1 Be6 12. d3 Nb6 13. Bb2 f5 14. Rc1 Bf6 15.
Na4 Nxa4 16. Qxa4 Bd5 17. Rc5 e4 18. Bxf6 Rxf6 19. dxe4 Bxe4 20. Qb3+ Kh8 21.
Ne5 Nxe5 22. Bxe4 fxe4 23. Rxe5 Qd4 24. Qd5 Qxd5 25. Rxd5 Re8 26. Rd7 Rc6 27.
Rfd1 Kg8 28. Rd8 Kf7 29. Rxe8 Kxe8 30. Rd4 Re6 31. Kf1 Ke7 32. Ke1 b6 33. Kd2
c5 34. bxc5 bxc5 35. Rd5 Rd6 36. Rxd6 Kxd6 37. Kc3 Kd5 38. f3 exf3 39. exf3 g5
40. a4 h5 41. a5 h4 42. Kd3 c4+ 43. Kc3 h3 44. f4 gxf4 45. gxf4 Ke4 46. Kxc4
Kxf4 47. Kc5 Kf3 48. Kb6 Kg2 49. Kxa6 Kxh2 50. Kb7 Kg3 51. a6 h2 52. a7 h1=Q+
53. Kb8 Qb1+ 54. Ka8 Qe4+ 55. Kb8 Qb4+ 56. Ka8 Qd6 57. Kb7 Qd7+ 58. Kb8 Qb5+
59. Ka8 Qa6 60. Kb8 Qb6+ 61. Ka8 Qd8+ 62. Kb7 Qd7+ 63. Kb8 1/2-1/2

[Event "I Open Ciutat de Sueca 2015"]
[Site "Sueca ESP"]
[Date "2015.08.01"]
[Round "6.14"]
[White "Del Arco Gimeno, Juan"]
[Black "Bono Monreal, Alberto"]
[Result "0-1"]
[WhiteElo "1894"]
[BlackElo "1891"]
[PlyCount "54"]
[EventDate "2015.07.27"]
[EventType "swiss"]
[EventRounds "8"]
[EventCountry "ESP"]
[SourceTitle "Ajedrez en Madrid"]
[Source "lmi"]
[SourceDate "2015.05.27"]

1. e4 c5 2. Nf3 Nc6 3. d4 cxd4 4. Nxd4 Nf6 5. Nxc6 bxc6 6. Bd3 e5 7. Nd2 Bc5 8.
O-O O-O 9. Qe2 d5 10. b3 Re8 11. h3 a5 12. a4 Bd4 13. Rb1 Bc3 14. Rd1 g6 15.
Nf1 Nh5 16. Qf3 Bd4 17. g4 Ng7 18. Ne3 f5 19. gxf5 gxf5 20. Qg2 fxe4 21. Bxe4
dxe4 22. c3 Qh4 23. cxd4 Bxh3 24. Qg3 Qh5 25. Ba3 Re6 26. Qh2 Rg6+ 27. Kh1 Qf3+
0-1

[Event "I Open Ciutat de Sueca 2015"]
[Site "Sueca ESP"]
[Date "2015.08.01"]
[Round "6.15"]
[White "Riddoch, Alan"]
[Black "Soler Nadal, Jose Antonio"]
[Result "0-1"]
[WhiteElo "1650"]
[BlackElo "1806"]
[PlyCount "52"]
[EventDate "2015.07.27"]
[EventType "swiss"]
[EventRounds "8"]
[EventCountry "ESP"]
[SourceTitle "Ajedrez en Madrid"]
[Source "lmi"]
[SourceDate "2015.05.27"]

1. e4 e5 2. Nf3 Nc6 3. Bb5 Nf6 4. O-O Nxe4 5. Re1 Nd6 6. Bxc6 dxc6 7. Nxe5 Be7
8. d4 O-O 9. Bf4 Be6 10. Nd2 Nf5 11. c3 c5 12. dxc5 Bxc5 13. Ne4 Bb6 14. Qh5
Qh4 15. Qf3 h6 16. g3 Qe7 17. Qh5 Nd6 18. Ng4 Bxg4 19. Qxg4 Nxe4 20. Bxh6 Qf6
21. Rxe4 Qxh6 22. Rae1 f5 23. Qd1 fxe4 24. Rxe4 Bxf2+ 25. Kg2 Qc6 26. Qb3+ Rf7
0-1

[Event "I Open Ciutat de Sueca 2015"]
[Site "Sueca ESP"]
[Date "2015.08.01"]
[Round "6.16"]
[White "Sanmateu Juan, Sergio"]
[Black "Albert Garrote, Amadeo"]
[Result "0-1"]
[WhiteElo "1629"]
[BlackElo "1788"]
[PlyCount "139"]
[EventDate "2015.07.27"]
[EventType "swiss"]
[EventRounds "8"]
[EventCountry "ESP"]
[SourceTitle "Ajedrez en Madrid"]
[Source "lmi"]
[SourceDate "2015.05.27"]

1. e4 c5 2. Nc3 Nc6 3. g3 g6 4. Bg2 Bg7 5. d3 Nf6 6. f4 d6 7. Nf3 Qb6 8. O-O h5
9. h3 Nh7 10. Nd5 Qd8 11. Qe2 e6 12. Ne3 O-O 13. g4 hxg4 14. hxg4 Nd4 15. Qf2
b5 16. c3 Nxf3+ 17. Qxf3 Bb7 18. Qh3 f6 19. Bd2 a5 20. Qg3 a4 21. f5 exf5 22.
gxf5 g5 23. Bf3 Kf7 24. Nd5 Ke8 25. Kf2 Kd7 26. Rh1 Rh8 27. Bh5 Nf8 28. Bg4 Kc6
29. Bf3 Kd7 30. b4 axb3 31. Rxh8 Bxh8 32. Bc1 Rxa2+ 33. Rxa2 bxa2 34. Bb2 Bxd5
35. exd5 Kc7 36. Qg1 Nd7 37. Qh1 Bg7 38. Qh7 Qh8 39. Qxh8 Bxh8 40. Bd1 Nb6 41.
Bb3 Bg7 42. Bxa2 Nd7 43. Ke3 Kb6 44. Ke4 Ka5 45. Bb3 Nb6 46. Ke3 Nd7 47. Ke4
Kb6 48. Bc2 Kc7 49. Bc1 Kd8 50. Bd1 Bh6 51. Bb2 Ke7 52. Be2 Bg7 53. d4 c4 54.
Ba3 Bf8 55. Bh5 Nb6 56. Bb4 Kd7 57. Bg4 Be7 58. Bf3 Bd8 59. Ke3 Na4 60. Bd1 Nb2
61. Be2 Be7 62. Ba3 Na4 63. Bb4 Bf8 64. Ke4 Bh6 65. Bd1 Nb6 66. Bg4 Na4 67. Ba5
Bf8 68. Be2 Be7 69. Ke3 Bd8 70. Bb4 0-1

[Event "I Open Ciutat de Sueca 2015"]
[Site "Sueca ESP"]
[Date "2015.08.01"]
[Round "6.19"]
[White "Valdenebro Orihuel, Miguel"]
[Black "Vila Tormo, Eduardo"]
[Result "1-0"]
[WhiteElo "1951"]
[BlackElo "1622"]
[PlyCount "32"]
[EventDate "2015.07.27"]
[EventType "swiss"]
[EventRounds "8"]
[EventCountry "ESP"]
[SourceTitle "Ajedrez en Madrid"]
[Source "lmi"]
[SourceDate "2015.05.27"]

1. d4 Nf6 2. Nf3 d6 3. Bg5 h6 4. Bxf6 gxf6 5. e4 Bg7 6. Bd3 Nc6 7. c3 Bg4 8. h3
Bh5 9. g4 Bg6 10. Nh4 Bh7 11. Nf5 Bf8 12. Nd2 e6 13. Ng3 Bg7 14. Nh5 Bf8 15.
Qe2 Bg6 16. O-O-O Qd7 1-0

[Event "I Open Ciutat de Sueca 2015"]
[Site "Sueca ESP"]
[Date "2015.08.01"]
[Round "6.20"]
[White "Sanchis, Fernand"]
[Black "Espasa Marti, Francisco Jose"]
[Result "0-1"]
[WhiteElo "1525"]
[BlackElo "1835"]
[PlyCount "84"]
[EventDate "2015.07.27"]
[EventType "swiss"]
[EventRounds "8"]
[EventCountry "ESP"]
[SourceTitle "Ajedrez en Madrid"]
[Source "lmi"]
[SourceDate "2015.05.27"]

1. e4 c5 2. Nf3 d6 3. d4 cxd4 4. Nxd4 Nf6 5. Nc3 a6 6. Be2 e5 7. Nf3 Be7 8. O-O
O-O 9. Re1 Qc7 10. Bd3 Bg4 11. h3 Bh5 12. Nd5 Nxd5 13. exd5 f5 14. Bxf5 Rxf5
15. g4 Rxf3 16. Qxf3 Bf7 17. c3 Nd7 18. Be3 Rf8 19. Qg2 Nf6 20. Rad1 Qc4 21. b3
Qxc3 22. Rc1 Qa5 23. f3 Nxd5 24. Qd2 Qxd2 25. Bxd2 Be6 26. Kg2 Bd8 27. Kg3 Bb6
28. Kg2 Nf4+ 29. Bxf4 Rxf4 30. Rcd1 Bc5 31. Re2 Bd7 32. Kg3 Bc6 33. Rc2 Rxf3+
34. Kh2 h6 35. h4 e4 36. h5 e3 37. a4 a5 38. Re2 d5 39. Rc1 b6 40. g5 hxg5 41.
Rg1 Bd6+ 42. Kg2 d4 0-1

[Event "I Open Ciutat de Sueca 2015"]
[Site "Sueca ESP"]
[Date "2015.08.01"]
[Round "6.21"]
[White "Carmona Huertas, Juan Antonio"]
[Black "Montoliu Costa, Francisco"]
[Result "1-0"]
[WhiteElo "1801"]
[BlackElo "1611"]
[PlyCount "35"]
[EventDate "2015.07.27"]
[EventType "swiss"]
[EventRounds "8"]
[EventCountry "ESP"]
[SourceTitle "Ajedrez en Madrid"]
[Source "lmi"]
[SourceDate "2015.05.27"]

1. d4 d5 2. c4 c6 3. Nc3 Nf6 4. Nf3 a6 5. Bf4 e6 6. e3 b5 7. c5 Be7 8. Bd3 Nbd7
9. Ne5 Bb7 10. h3 a5 11. g4 h6 12. Rc1 Nxe5 13. Bxe5 Qd7 14. Qc2 O-O-O 15. Nxb5
cxb5 16. c6 Bb4+ 17. Ke2 Qxc6 18. Qb3 1-0

[Event "I Open Ciutat de Sueca 2015"]
[Site "Sueca ESP"]
[Date "2015.08.01"]
[Round "6.24"]
[White "Gutierrez Posada, David"]
[Black "Oltra Landete, Fidel"]
[Result "0-1"]
[WhiteElo "1391"]
[BlackElo "1906"]
[PlyCount "70"]
[EventDate "2015.07.27"]
[EventType "swiss"]
[EventRounds "8"]
[EventCountry "ESP"]
[SourceTitle "Ajedrez en Madrid"]
[Source "lmi"]
[SourceDate "2015.05.27"]

1. d4 Nf6 2. c4 e6 3. a3 b6 4. Nf3 Bb7 5. e3 Be7 6. Nc3 O-O 7. Bd3 d5 8. O-O
Nbd7 9. b4 c5 10. bxc5 bxc5 11. Re1 Ne4 12. Qc2 f5 13. Nd2 Bh4 14. g3 Bf6 15.
Ne2 g5 16. cxd5 exd5 17. Rb1 Bc8 18. dxc5 Ndxc5 19. Nxe4 Nxe4 20. f3 Qa5 21.
Bb2 Bxb2 22. Qxb2 Nd2 23. Kf2 Nxb1 24. Rxb1 Ba6 25. Qe5 Bxd3 26. Qe6+ Rf7 27.
Rb7 Raf8 28. Rxf7 Rxf7 29. Qe8+ Kg7 30. Qe5+ Kg6 31. Qe6+ Rf6 32. Nf4+ gxf4 33.
Qg8+ Kh6 34. gxf4 Qd2+ 35. Kg1 Qe1+ 0-1